Catálogo
 En Linea

Barack Obama : (Registro nro. 37369)

Detalles MARC
000 -CABECERA
campo de control de longitud fija 00744nam a2200157 a 4500
001 - NÚMERO DE CONTROL
campo de control 000037879
005 - FECHA Y HORA DE LA ÚLTIMA TRANSACCIÓN
campo de control 20201002031130.0
008 - DATOS DE LONGITUD FIJA--INFORMACIÓN GENERAL
campo de control de longitud fija 130307s2012 dr 000 0 spa d
020 ## - NÚMERO INTERNACIONAL ESTÁNDAR DEL LIBRO
Número Internacional Estándar del Libro 9789993444923
040 ## - FUENTE DE LA CATALOGACIÓN
Centro catalogador/agencia de origen DO-SdBNP
Lengua de catalogación spa
Centro/agencia transcriptor BNPHU
100 1# - ENTRADA PRINCIPAL--NOMBRE DE PERSONA
Nombre de persona Rodríguez Echavarría, Freddy A.
9 (RLIN) 64323
245 10 - MENCIÓN DE TÍTULO
Título Barack Obama :
Resto del título una gestión pública positiva, económica, bienestar social y otros temas, /
Mención de responsabilidad, etc. Freddy A. Rodríguez Echavarría.
260 ## - PUBLICACIÓN, DISTRIBUCIÓN, ETC.
Lugar de publicación, distribución, etc. Santo Domingo :
Nombre del editor, distribuidor, etc. Fundación Dominicana de Estudios Económicos, Sociales y comunicacionales,
Fecha de publicación, distribución, etc. 2012.
300 ## - DESCRIPCIÓN FÍSICA
Extensión 104 p. ;
Dimensiones 24 cm.
500 ## - NOTA GENERAL
Nota general Ideas y conceptualizaciones que necesita para conocer a profundicad del presidente Barack Obam, desde el punto de vista económico, político y social
Existencias
Estado de retiro Estado de pérdida No para préstamo Código de colección Localización permanente Ubicación/localización actual Ubicación en estantería Fecha de adquisición Número de inventario Total de préstamos Signatura topográfica completa Código de barras Fecha visto por última vez Número de copia Precio válido a partir de Tipo de ítem Koha
    Excluido de préstamo Dominicana de Servicio General General En catalogación 07.03.2013 LF1   37879-30 25.06.2020 e. 3 25.06.2020 Libro y Folleto Colección Dominicana de Servicio
    Excluido de préstamo Patrimonio Dominicano Patrimonio Dominicano Patrimonio Dominicano En catalogación 07.03.2013 LF1   37879-20 25.06.2020   25.06.2020 Libro y Folleto Colección Patrimonio Dominicano
    Excluido de préstamo Patrimonio Dominicano Patrimonio Dominicano Patrimonio Dominicano En catalogación 14.03.2013 LF1   37879-40 25.06.2020 e. 2 25.06.2020 Libro y Folleto Colección Patrimonio Dominicano

Con tecnología Koha